Catálogo - Centro de Recursos para el Aprendizaje y la Investigación

Volver al Sitio - CRAI Biblioteca
Vista normal Vista MARC
  • Tavárez Justo, Manuel Aurelio (Manolo),

Entrada Nombre personal

Número de registros utilizados en: 6

001 - NÚMERO DE CONTROL

  • campo de control: 162915

003 - IDENTIFICADOR DEL NÚMERO DE CONTROL

  • campo de control: DR-UNIBE

005 - FECHA Y HORA DE LA ÚLTIMA TRANSACCIÓN

  • campo de control: 20231107101218.0

008 - DATOS DE LONGITUD FIJA

  • campo de control de longitud fija: 231107|| aca||aabn | a|a d

040 ## - FUENTE DE LA CATALOGACIÓN

  • Centro catalogador/agencia de origen: DR-UNIBE
  • Centro/agencia transcriptor: DR-UNIBE

100 ## - ENCABEZAMIENTO-NOMBRE DE PERSONA

  • Nombre de persona: Tavárez Justo, Manuel Aurelio (Manolo),
  • Fechas asociadas al nombre: 1931-1963

670 ## - FUENTE DE DATOS ENCONTRADOS

  • Cita de la fuente: Work cat.: (DR-UNIBE)111907: 17714 Cassá Bernaldo de Quirós, Roberto, 1948- autor, Manuel Aurelio Tavárez Justo : , 2014